<?xml version="1.0" encoding="UTF-8"?>
<record
    xmlns:xsi="http://www.w3.org/2001/XMLSchema-instance"
    xsi:schemaLocation="http://www.loc.gov/MARC21/slim http://www.loc.gov/standards/marcxml/schema/MARC21slim.xsd"
    xmlns="http://www.loc.gov/MARC21/slim">

  <leader>01417nam0a22003251  4500</leader>
  <controlfield tag="001">RU\NLR\Evr\7948</controlfield>
  <controlfield tag="005">20251202160538.0</controlfield>
  <datafield tag="035" ind1=" " ind2=" ">
    <subfield code="a">(NLR Aleph) 011424322</subfield>
  </datafield>
  <datafield tag="090" ind1=" " ind2=" ">
    <subfield code="a">11620492</subfield>
    <subfield code="c">11620492</subfield>
  </datafield>
  <datafield tag="100" ind1=" " ind2=" ">
    <subfield code="a">20141229d1930    u  y0rusy50      ca</subfield>
  </datafield>
  <datafield tag="101" ind1="0" ind2=" ">
    <subfield code="a">yid</subfield>
  </datafield>
  <datafield tag="102" ind1=" " ind2=" ">
    <subfield code="a">RU</subfield>
  </datafield>
  <datafield tag="105" ind1=" " ind2=" ">
    <subfield code="a">y |||||||||</subfield>
  </datafield>
  <datafield tag="200" ind1="1" ind2=" ">
    <subfield code="6">a01</subfield>
    <subfield code="7">ba</subfield>
    <subfield code="a">Hantbukh far kolvirtnikes</subfield>
    <subfield code="e">In fragn un entfern</subfield>
    <subfield code="f">S. Suser un A. Shuser</subfield>
  </datafield>
  <datafield tag="210" ind1=" " ind2=" ">
    <subfield code="6">a01</subfield>
    <subfield code="a">Moskve; Kharkov; Minsk</subfield>
    <subfield code="c">Tsentraler felker-farlag fun FSSR</subfield>
    <subfield code="d">1930</subfield>
    <subfield code="7">ba</subfield>
  </datafield>
  <datafield tag="210" ind1=" " ind2=" ">
    <subfield code="6">a01</subfield>
    <subfield code="9">z02</subfield>
    <subfield code="a">&#x5DE;&#x5D0;&#x5B8;&#x5E1;&#x5E7;&#x5D5;&#x5D5;&#x5E2;; &#x5DB;&#x5D0;&#x5E8;&#x5E7;&#x5D0;&#x5B8;&#x5D5;&#x5D5;; &#x5DE;&#x5D9;&#x5E0;&#x5E1;&#x5E7;</subfield>
    <subfield code="c">&#x5E6;&#x5E2;&#x5E0;&#x5D8;&#x5E8;&#x5D0;&#x5DC;&#x5E2;&#x5E8; &#x5E4;&#x5E2;&#x5DC;&#x5E7;&#x5E2;&#x5E8;-&#x5E4;&#x5D0;&#x5E8;&#x5DC;&#x5D0;&#x5D2; &#x5E4;&#x5D5;&#x5DF; &#x5E4;&#x5E1;&#x5E1;&#x5E8;</subfield>
    <subfield code="d">1930</subfield>
  </datafield>
  <datafield tag="210" ind1=" " ind2=" ">
    <subfield code="9">z02</subfield>
    <subfield code="a">&#x41C;&#x43E;&#x441;&#x43A;&#x432;&#x430;; &#x425;&#x430;&#x440;&#x44C;&#x43A;&#x43E;&#x432;; &#x41C;&#x438;&#x43D;&#x441;&#x43A;</subfield>
    <subfield code="c">&#x426;&#x435;&#x43D;&#x442;&#x440;&#x430;&#x43B;&#x44C;&#x43D;&#x43E;&#x435; &#x438;&#x437;&#x434;&#x430;&#x442;&#x435;&#x43B;&#x44C;&#x441;&#x442;&#x432;&#x43E; &#x43D;&#x430;&#x440;&#x43E;&#x434;&#x43E;&#x432; &#x421;&#x421;&#x421;&#x420;</subfield>
    <subfield code="d">1930</subfield>
    <subfield code="7">ca</subfield>
  </datafield>
  <datafield tag="215" ind1=" " ind2=" ">
    <subfield code="a">85 &#x441;.</subfield>
    <subfield code="d">17 &#x441;&#x43C;.</subfield>
  </datafield>
  <datafield tag="510" ind1="1" ind2=" ">
    <subfield code="6">a01</subfield>
    <subfield code="a">&#x5D4;&#x5D0;&#x5E0;&#x5D8;&#x5D1;&#x5D5;&#x5DA; &#x5E4;&#x5D0;&#x5E8; &#x5E7;&#x5D0;&#x5B8;&#x5DC;&#x5D5;&#x5D5;&#x5D9;&#x5E8;&#x5D8;&#x5E0;&#x5D9;&#x5E7;&#x5E2;&#x5E1;</subfield>
    <subfield code="e">&#x5D0;&#x5D9;&#x5DF; &#x5E4;&#x5E8;&#x5D0;&#x5D2;&#x5DF; &#x5D0;&#x5D5;&#x5DF; &#x5E2;&#x5E0;&#x5D8;&#x5E4;&#x5E2;&#x5E8;&#x5DF;</subfield>
    <subfield code="f">&#x5E1;. &#x5E1;&#x5D5;&#x5E1;&#x5E2;&#x5E8; &#x5D0;&#x5D5;&#x5DF; &#x5D0;. &#x5E9;&#x5D5;&#x5E1;&#x5E2;&#x5E8;</subfield>
  </datafield>
  <datafield tag="541" ind1="1" ind2=" ">
    <subfield code="a">&#x421;&#x43F;&#x440;&#x430;&#x432;&#x43E;&#x447;&#x43D;&#x438;&#x43A; &#x43A;&#x43E;&#x43B;&#x445;&#x43E;&#x437;&#x43D;&#x438;&#x43A;&#x430;</subfield>
    <subfield code="e">&#x412; &#x432;&#x43E;&#x43F;&#x440;&#x43E;&#x441;&#x430;&#x445; &#x438; &#x43E;&#x442;&#x432;&#x435;&#x442;&#x430;&#x445;</subfield>
    <subfield code="z">rus</subfield>
  </datafield>
  <datafield tag="700" ind1=" " ind2="1">
    <subfield code="6">a01</subfield>
    <subfield code="a">&#x421;&#x443;&#x441;&#x441;&#x435;&#x440;</subfield>
    <subfield code="b">&#x421;.</subfield>
    <subfield code="3">RU\NLR\AUTH\7957884</subfield>
    <subfield code="4">070</subfield>
    <subfield code="7">ca</subfield>
  </datafield>
  <datafield tag="701" ind1=" " ind2="1">
    <subfield code="6">a01</subfield>
    <subfield code="a">&#x428;&#x443;&#x441;&#x435;&#x440;</subfield>
    <subfield code="b">&#x410;.</subfield>
    <subfield code="3">RU\NLR\AUTH\7957887</subfield>
    <subfield code="4">070</subfield>
    <subfield code="7">ca</subfield>
  </datafield>
  <datafield tag="801" ind1=" " ind2="0">
    <subfield code="a">RU</subfield>
    <subfield code="b">NLR</subfield>
    <subfield code="c">20141229</subfield>
    <subfield code="g">psbo</subfield>
  </datafield>
  <datafield tag="801" ind1=" " ind2="0">
    <subfield code="a">RU</subfield>
    <subfield code="b">NLR</subfield>
    <subfield code="g">PSBO</subfield>
  </datafield>
  <datafield tag="801" ind1=" " ind2="1">
    <subfield code="a">RU</subfield>
    <subfield code="b">NLR</subfield>
    <subfield code="c">20141229</subfield>
    <subfield code="2">rusmarc</subfield>
  </datafield>
  <datafield tag="852" ind1=" " ind2=" ">
    <subfield code="a">NLR</subfield>
    <subfield code="b">&#x41E;&#x41B;&#x421;&#x410;&#x410;/&#x438;&#x434;&#x438;&#x448;</subfield>
    <subfield code="j">&#x418;-520</subfield>
  </datafield>
  <datafield tag="942" ind1=" " ind2=" ">
    <subfield code="c">BOOK</subfield>
  </datafield>
  <datafield tag="980" ind1=" " ind2=" ">
    <subfield code="a">NB</subfield>
  </datafield>
  <datafield tag="980" ind1="1" ind2=" ">
    <subfield code="a">IDISH</subfield>
  </datafield>
</record>
